[Event "HUN-ch Rapid 2020"]
[Site "Ajka"]
[Date "2020.07.18"]
[Round "7.7"]
[White "Balogh, Csaba"]
[Black "Mester, Gyula"]
[Result "1-0"]
[WhiteElo "2580"]
[BlackElo "2341"]
[Annotator "TA"]
[PlyCount "105"]
[EventDate "2020.07.17"]
[EventType "swiss"]
[EventCountry "HUN"]
[SourceTitle "playchess.com"]
[Source "ChessBase"]
[SourceQuality "1"]

{[%evp 12,105,15,-12,0,-8,2,6,25,0,64,15,34,54,91,93,92,46,89,104,89,95,89,91,119,0,0,0,0,0,0,-20,21,0,0,-49,104,99,84,63,58,0,445,444,425,396,595,583,862,776,812,697,949,627,902,607,543,572,624,258,550,0,616,0,496,243,264,0,0,0,252,247,249,0,0,0,268,239,239,231,1033,679,1040,1020,29973,29974,29974,29965,29974,29975,29981,29982,29984,29978,29972,29973]} 1. e4 c5 2. Nf3 Nc6 3. Bb5 e6 4. O-O Nge7 5. Re1 a6 6. Bf1 d5 7. d3 d4 {B30: Sicilian: 2...Nc6 3 Bb5, lines without ...g6.} 8. e5 Ng6 {8...Ng6 has lost popularity.} 9. g3 Be7 {[#] The position is equal.} 10. a4 $146 ({Predecessor:} 10. h4 h5 11. a4 Qc7 12. Qe2 b6 13. Na3 Bb7 14. Bg2 Nf8 15. Bf4 Ng6 16. Bd2 {1-0 (56) Zvjaginsev,V (2679)-Chukavin,K (2096) Tallinn 2016}) 10... O-O ({Black should try} 10... Qc7 $11) 11. Na3 Rb8 12. h4 Qc7 13. h5 Nh8 (13... Ngxe5 $2 14. Nxe5 Nxe5 15. Rxe5 $1 $18 {[%mdl 512]}) 14. h6 Ng6 15. hxg7 Kxg7 16. Qd2 {Hoping for Qh6+.} Kh8 {[%cal Rc6e5]} 17. Qh6 Rg8 18. Bg5 ({White should play} 18. Nc4 $16) 18... Bxg5 $1 $11 19. Nxg5 {[%csl Gg5][%cal Rh6h7]} Rg7 20. f4 Nce7 21. Bh3 b5 (21... Ng8 $5 {[%cal Rg8h6]} 22. Qh5 f6 23. exf6 (23. Nxe6 $2 Bxe6 24. Bg2 fxe5 $19) 23... Nxf6 $15) 22. axb5 axb5 23. Kf2 Nf5 $2 (23... Nd5 $15 {keeps the upper hand.}) 24. Bxf5 $1 $16 exf5 25. Rh1 {[%cal Rg5h7]} Nf8 26. Qf6 $40 {[%mdl 128] White attacks.} (26. Qd6 $1 $14 Qxd6 27. exd6) 26... Rb6 $2 {[%mdl 8192] [#]} (26... Kg8 $11 {and Black has nothing to worry.}) 27. Nxf7+ $1 $18 {[%mdl 576] Deflection} Qxf7 28. Qxb6 {[%mdl 64] Double Attack} Qd5 (28... Bb7 $142) 29. Qd6 Qg8 30. Nxb5 Bb7 31. Rh3 Rg6 32. Qe7 Rg7 33. Qf6 Qd5 34. Qxf8+ Rg8 35. Qf6+ Rg7 36. Qf8+ Rg8 37. Qf6+ Rg7 38. Ke1 (38. Rh2 $142 Qf3+ 39. Ke1 Qxg3+ 40. Rf2) 38... Qg2 39. Qf8+ $2 (39. Nxd4 $1 $18 cxd4 40. Qd8+ (40. Qxf5 Qg1+ 41. Ke2 Qg2+ 42. Ke1 Qg1+ 43. Ke2 Qg2+ 44. Ke1 $11) (40. Qf8+ Rg8 $18) 40... Rg8 41. Qf6+ (41. Qxd4 Qxh3 42. e6+ Rg7 $18) 41... Rg7 42. Qd8+ (42. Qxf5 Qg1+ 43. Ke2 Qg2+ 44. Ke1 Qg1+ 45. Ke2 Qg2+ 46. Ke1 $11) 42... Rg8 43. Qf6+ Rg7) 39... Rg8 $11 40. Qf6+ $2 {[%mdl 8192]} (40. Qxc5 $11 Qg1+ 41. Ke2 Qg2+ 42. Ke1 Qg1+ 43. Ke2 Qg2+ 44. Ke1) 40... Rg7 $18 41. Nxd4 $1 (41. Qf8+ Rg8 $18) 41... cxd4 {[#]} 42. Qf8+ $2 ({Stronger than} 42. Qxf5 Qg1+ 43. Ke2 Qg2+ 44. Ke1 Qg1+ 45. Ke2 Qg2+ 46. Ke1 $11) (42. Qd8+ $1 $18 Rg8 43. Qf6+ (43. Qxd4 Qxh3 44. e6+ Rg7 $18) 43... Rg7 44. Qd8+ (44. Qxf5 Qg1+ 45. Ke2 Qg2+ 46. Ke1 Qg1+ 47. Ke2 Qg2+ 48. Ke1 $11) (44. Qf8+ Rg8 $18) 44... Rg8 45. Qxd4 (45. Qf6+ Rg7 $18) 45... Qxh3 46. e6+ Rg7 47. e7 (47. Qd8+ Rg8 $18) 47... Qxg3+ 48. Kd2 Qg2+ 49. Kc3 Qc6+ 50. Kb4) 42... Rg8 $11 43. Qf6+ $2 {[%mdl 8192]} (43. Qxf5 $11 Qg1+ 44. Ke2 Qg2+ 45. Ke1 Qg1+ 46. Ke2 Qg2+ 47. Ke1) 43... Rg7 $18 {[#]} 44. Qd8+ $1 ({Not} 44. Qxf5 Qg1+ 45. Ke2 Qg2+ 46. Ke1 Qg1+ 47. Ke2 Qg2+ 48. Ke1 $11) ({Don't take} 44. Qf8+ Rg8 $18) 44... Rg8 45. Qxd4 {aiming for e6+.} Rc8 $2 (45... Qxh3 46. e6+ Rg7) 46. e6+ Kg8 47. Rh5 {Intending Rg5+ and mate.} Qxg3+ 48. Qf2 {White mates.} Qxf2+ 49. Kxf2 Rxc2+ 50. Ke3 Rc6 51. Rg1+ Kh8 52. Rxf5 {[%cal Rf5f8]} Rxe6+ 53. Re5 {Accuracy: White = 66%, Black = 46%.} 1-0

[Event "HUN-ch Rapid 2020"]
[Site "Ajka"]
[Date "2020.07.18"]
[Round "7.8"]
[White "Balog, Imre"]
[Black "Korpa, Bence"]
[Result "1-0"]
[WhiteElo "2567"]
[BlackElo "2545"]
[Annotator "TA"]
[PlyCount "51"]
[EventDate "2020.07.17"]
[EventType "swiss"]
[EventCountry "HUN"]
[SourceTitle "playchess.com"]
[Source "ChessBase"]
[SourceQuality "1"]

{[%evp 13,51,17,10,11,33,20,24,21,24,14,30,25,27,0,8,0,0,0,4,-13,0,-20,0,-12,88,0,264,256,260,254,259,240,406,421,420,410,560,559,585,587]} 1. d4 Nf6 2. Nf3 e6 3. c4 d5 4. g3 Bb4+ 5. Bd2 Be7 6. Bg2 O-O 7. O-O Nbd7 8. Qc2 {E11: Bogo-Indian.} Ne4 9. Nc3 Nxd2 10. Nxd2 {White has an edge.} c6 11. Rfd1 f5 12. Rab1 a5 13. a3 {[#]} f4 $146 ({Predecessor:} 13... Nf6 14. e3 Bd7 15. Nf3 Be8 16. Ne2 a4 17. Nf4 Bd7 18. Ne5 Bd6 19. Nfd3 Qe7 {½-½ (36) Svane,R (2594)-So,W (2765) Caleta 2019}) 14. e4 {[%cal Re4d5]} fxe3 15. fxe3 Bg5 16. Qd3 b6 (16... Qf6 17. Rf1 $14) 17. b4 axb4 (17... Qf6 18. cxd5 exd5 {[#]} 19. Nxd5 $1 $16 {[%mdl 512]}) 18. axb4 {[%cal Rc4d5]} Qf6 (18... Ra3 $11) 19. b5 ({But not} 19. Rf1 Qg6 $15) ({White should play} 19. cxd5 $16 {Threatens to win with Nde4.} Qh6 20. dxc6 Bxe3+ 21. Kh1) 19... dxc4 $2 {[%mdl 8192]} (19... Ra3 $1 $11 20. Rf1 Qg6 21. Rxf8+ Nxf8) 20. Nxc4 $18 cxb5 21. Rxb5 ({Resist} 21. Bxa8 $6 bxc4 22. Qxc4 Bxe3+ 23. Kh1 b5 $18) 21... Ba6 22. Ne4 {[%mdl 64] [#] Double Attack} Qh6 $2 (22... Bxe3+ 23. Qxe3 (23. Nxe3 Qh6 $18) 23... Qe7) 23. Rxg5 Rac8 24. Rc1 Rc7 25. h4 b5 26. Qa3 {Accuracy: White = 85%, Black = 52%.} 1-0

[Event "HUN-ch Rapid 2020"]
[Site "Ajka"]
[Date "2020.07.18"]
[Round "7.9"]
[White "Mihok, Oliver"]
[Black "Egresi, Mate"]
[Result "1-0"]
[WhiteElo "2552"]
[BlackElo "2362"]
[Annotator "TA"]
[PlyCount "121"]
[EventDate "2020.07.17"]
[EventType "swiss"]
[EventCountry "HUN"]
[SourceTitle "playchess.com"]
[Source "ChessBase"]
[SourceQuality "1"]

{[%evp 12,121,-49,-53,61,0,28,23,54,4,5,-18,-11,-34,8,-19,4,-26,-34,-34,23,9,16,0,11,-72,22,-89,55,59,193,128,145,118,179,172,202,172,237,212,241,253,413,304,671,646,758,732,642,625,661,361,446,387,389,378,339,261,272,263,541,270,298,290,281,303,302,295,302,302,289,291,495,480,451,766,1061,997,783,1014,948,866,1199,1134,942,945,1272,1271,2489,2402,1702,1427,4133,1446,4530,4519,2590,1916,29971,29971,29972,29970,29973,29972,29971,29975,29976,29977,29985,29986,29987,29988]} 1. d4 d5 2. Nc3 Nf6 3. Bg5 Nbd7 4. Nf3 h6 5. Bh4 e6 6. e4 g5 7. Bg3 dxe4 {D01: Veresov Opening.} ({Black should play} 7... Nxe4 $15 8. Nxe4 dxe4) 8. Ne5 {[#]} (8. Nd2 $14) 8... Nxe5 $146 (8... Bb4 {feels hotter.} 9. h4 Nd5 10. a3 Ba5 11. Qh5 Rf8) ({Predecessor:} 8... Bg7 9. h4 Nxe5 10. Bxe5 Bd7 11. Nxe4 Bc6 12. Bd3 Bxe4 13. Bxe4 Nxe4 14. Bxg7 Rh7 15. Be5 {1-0 (30) Jovanovic,Z (2389)-Kovacevic,A (2721) playchess.com INT 2005}) 9. Bxe5 Bb4 {White has an edge.} 10. Qd2 (10. Bc4 {seems wilder.} Bd7 11. O-O Bc6 12. f3 O-O 13. Nxe4 Nd7 14. Bg3) 10... Bd7 11. a3 Bxc3 12. Qxc3 Bc6 (12... Nd5 $5 {[%cal Rd5c3]} 13. Qd2 f6 $15) 13. O-O-O {d5! is the strong threat.} Rg8 14. Qg3 Qe7 $1 15. Bxc7 Rc8 (15... Nh5 $15 16. Qd6 Rc8) 16. Bd6 $36 {[%mdl 2048] White has some pressure.} Qd7 17. Be5 Nd5 18. Rd2 (18. c4 $11) 18... Ba4 (18... Bb5 $17 19. Qh3 Rg6) 19. Kb1 (19. c4 $11 {remains equal.}) 19... Qc6 (19... f6 $17 {aiming for ...Qc6.} 20. c4 fxe5 21. cxd5 Qxd5 22. Qxe5 Qxe5 23. dxe5 Rc5) 20. c4 $14 Ne7 ({Black should try} 20... b5 $14 21. c5 b4) 21. b3 ({Better is} 21. Be2 $18) 21... Qb6 $16 22. Ka2 Bc6 {[#]} (22... Qa5 $16 23. Rb2 Bd7) 23. Be2 $1 $18 a5 24. Rc1 a4 (24... Nf5 $142 25. Qg4 Ne7) 25. b4 Nf5 26. Qc3 Qd8 $2 (26... g4 27. b5 Bd7) 27. Kb2 f6 $2 {[#]} (27... Bd5 28. g4 Nd6) 28. d5 $1 {[%mdl 512]} fxe5 (28... exd5 29. Bxf6) 29. dxc6 Nd4 30. cxb7 Rb8 31. Re1 Ke7 32. Bd1 Rxb7 33. Rxe4 Qc7 34. Rexd4 exd4 35. Qxd4 ({Much less strong is} 35. Rxd4 $6 Qxh2 36. c5 (36. Bxa4 Qxg2 37. Rd2 Qh2 $16) 36... Rf8 $18) 35... Qxh2 $2 (35... Qf4 36. Bxa4 Qxd4+ 37. Rxd4 Rf8) 36. Bxa4 (36. Qe4 $142 Rgb8 37. g3) 36... Qf4 37. Qxf4 gxf4 {[%mdl 4096] Endgame KRR-KRB} 38. Bc6 Rc7 39. b5 Rgc8 40. Kb3 Rxc6 41. bxc6 Rxc6 $2 {KR-KR} (41... f3 42. Rd7+ (42. gxf3 Rxc6 43. a4 Rb6+ 44. Kc3 Rb8 $18) 42... Kf6) 42. f3 Rc8 43. a4 {[%cal Ba3a4,Ba4a5,Ba5a6][%mdl 32]} Rb8+ 44. Kc3 Ra8 45. Ra2 Kd6 46. a5 Kc5 47. a6 Ra7 48. Kd3 h5 49. Ke4 Kxc4 50. Kxf4 Kd5 51. Ra5+ Kd4 52. Ra4+ (52. Kg5 $142 Kc4 53. Kxh5) 52... Kd5 53. Kg5 Ke5 54. Ra5+ Kd4 55. Kxh5 {White mates.} Ke3 56. Kg6 Kf4 57. Kf6 e5 58. Ra2 e4 59. Ra4 Kg3 60. fxe4 Kxg2 61. e5 {Accuracy: White = 64%, Black = 37%.} 1-0

[Event "HUN-ch Rapid 2020"]
[Site "Ajka"]
[Date "2020.07.18"]
[Round "7.10"]
[White "Aczel, Gergely"]
[Black "Havanecz, Bianka"]
[Result "1/2-1/2"]
[WhiteElo "2511"]
[BlackElo "2251"]
[Annotator "TA"]
[PlyCount "215"]
[EventDate "2020.07.17"]
[EventType "swiss"]
[EventCountry "HUN"]
[SourceTitle "playchess.com"]
[Source "ChessBase"]
[SourceQuality "1"]

{[%evp 23,215,36,50,22,46,33,33,16,31,0,0,0,33,35,45,38,54,51,138,139,137,144,135,140,129,140,186,172,206,204,205,196,225,226,259,229,263,265,319,285,328,244,276,254,301,259,315,286,306,254,254,254,252,246,228,194,270,258,277,277,306,264,364,371,388,388,353,360,303,287,339,233,233,233,233,233,233,233,225,222,216,215,210,223,196,172,226,216,218,40,45,8,8,8,8,8,8,0,8,0,0,0,0,0,0,2,8,0,8,0,6,0,0,0,0,0,8,8,8,8,8,8,8,8,41,54,62,29,62,64,77,12,77,62,68,69,71,20,18,0,0,0,8,8,8,8,8,8,8,8,8,-12,-12,-12,-12,-12,-12,-12,-12,-20,-20,-36,-20,-20,-20,-36,-36,-36,-36,-36,-36,-36,-36,-36,-36,-36,-36,-36,-36,-36,-20,-20,-20,-20,-20,-36,-36,-36,-36,-36,-36,-4570,-36,-36]} 1. d4 d5 2. c4 e6 3. Nc3 Nf6 4. cxd5 exd5 5. Bg5 Be7 6. e3 c6 7. Bd3 Nbd7 8. h3 O-O 9. Qc2 Re8 10. Nf3 Nf8 11. O-O Ne4 12. Bf4 Nd6 13. Rfc1 {D36: Queen's Gambit Declined: Exchange Variation: Main line (5 Bg5 c6 6 Qc2).} Be6 {[#]} 14. Rab1 $146 ({Predecessor:} 14. b4 b5 15. Bxd6 Bxd6 16. a3 Qf6 17. Qe2 Bd7 18. Na2 Ne6 19. Qd1 Ng5 20. Nxg5 Qxg5 21. Kh1 f5 22. a4 f4 23. axb5 fxe3 24. bxc6 exf2 25. Bxh7+ Kxh7 26. cxd7 Re5 {0-1 (26) Falkevall,A (1823)-Iminov,B (1855) Stockholm 2018}) 14... a5 15. a3 {[%cal Ba2a3,Ba3a4][%mdl 32] White is slightly better.} Nc4 16. Ne5 Bd6 17. Ne2 {[%cal Re5c4]} Bxe5 18. dxe5 {[%cal Rd3c4]} b5 19. a4 Qb6 20. Nd4 Rac8 (20... h6 $14) 21. Nxe6 $16 fxe6 22. Ra1 $1 bxa4 23. Bxc4 (23. Rxa4 Nxb2 24. Rb1 Nxa4 $11) 23... dxc4 24. Rxa4 Ng6 25. Rxc4 c5 26. b3 Rf8 27. Bg3 ({Don't play} 27. Rxc5 Rxc5 28. Qxc5 Qxc5 $16) 27... Rfd8 28. Kh2 Rd5 29. e4 Rdd8 30. f4 Nf8 31. f5 ({Don't do} 31. Rxc5 Rxc5 32. Qxc5 Qxc5 $18) 31... Rc7 32. f6 Rdc8 33. Rd1 Qb5 34. Rd6 Qe8 35. Qd2 Qb5 36. Rc3 a4 37. bxa4 Qxa4 38. Qf4 Rf7 39. Qg4 c4 (39... Qa1 $142 40. Qf3 Rb8) 40. Bf2 $18 Qa5 41. Bd4 Qb5 42. Qg3 Rb7 43. Rb6 Qd7 44. fxg7 Ng6 {and the idea ...Rxb6 leaves Black hopeful.} 45. Rd6 Qe8 46. Qg4 Re7 47. h4 Rxg7 48. Rxe6 Qd8 {White must now prevent ...Nf8.} 49. Rd6 Qxh4+ 50. Qxh4 Nxh4 51. g3 Ng6 52. e6 $1 Re7 53. Bf6 $1 {Threatens to win with Rxc4!} Ree8 54. e5 Nf8 (54... Rc5 $142 55. Kh3 Kf8) 55. e7 Ng6 56. Rd7 $2 (56. g4 $18) 56... Kf7 $14 57. Rf3 c3 58. Bg5+ Kg8 $132 {[%mdl 2048] Black is not holding back} 59. Rd8 {Rxc3! is the strong threat.} c2 60. Rf1 Kg7 61. Rd7 Nxe5 62. Rd5 Nf7 63. Bf6+ $1 Kg8 (63... Kg6 $5 64. Bb2 $8 Rc6 $11) 64. Rc1 Rc6 65. Bh4 Kg7 66. Rd2 Nh6 67. Rdxc2 Rxc2+ 68. Rxc2 $11 {[%mdl 4096] Endgame KRB-KRN} Nf5 69. Bg5 Nxe7 70. Rc7 Kf7 71. Kh3 Ke6 72. Kg4 Nd5 73. Rxh7 Rg8 {aiming for ...Nf6+.} 74. Rh6+ Ke5 75. Kh4 Nb4 76. g4 Nd3 77. Rh7 (77. Rb6 $16) 77... Nc5 (77... Nf2 $11 {keeps the balance.}) 78. Be3 Ne6 79. g5 Ra8 {[#]} 80. Kg4 (80. Re7 $1 $16) 80... Ra4+ 81. Kf3 Ra3 {Strongly threatening ...Nxg5+.} 82. Kf2 Ke4 83. Re7 Ra2+ 84. Kg3 Kf5 85. Rf7+ Ke4 86. Rf6 Ng7 $1 87. Bc1 Nh5+ {[%mdl 64] Double Attack} 88. Kg4 Nxf6+ 89. gxf6 {KR-KB} Rg2+ 90. Kh4 Rf2 91. Kg5 Ke5 92. Be3 Rf5+ 93. Kg4 Rxf6 94. Kg3 Ke4 95. Bc1 Rg6+ 96. Kf2 Rc6 97. Bg5 Rc2+ 98. Kg3 Rc3+ 99. Kf2 Kf5 100. Bh6 Rh3 101. Bc1 Kg4 102. Ke2 Rb3 103. Bh6 Kf5 104. Kf2 Ke4 105. Bg5 Rf3+ 106. Kg2 Rf8 {( -> ...Rg8!)} 107. Bc1 $2 {[%mdl 8192] [#]} (107. Be7 $15) 107... Kd3 $2 ({Black should play} 107... Rc8 $1 $19 {[%cal Rc8c1]} 108. Bh6 Rc6) 108. Kg3 {White used his chance. Accuracy: White = 80%, Black = 71%.} 1/2-1/2

[Event "HUN-ch Rapid 2020"]
[Site "Ajka"]
[Date "2020.07.18"]
[Round "7.11"]
[White "Meszaros, Tamas"]
[Black "Papp, Gabor"]
[Result "0-1"]
[WhiteElo "2378"]
[BlackElo "2602"]
[Annotator "TA"]
[PlyCount "64"]
[EventDate "2020.07.17"]
[EventType "swiss"]
[EventCountry "HUN"]
[SourceTitle "playchess.com"]
[Source "ChessBase"]
[SourceQuality "1"]

{[%evp 14,64,47,47,111,116,114,96,98,106,95,89,101,104,98,82,81,53,60,60,65,47,53,38,253,262,253,4,11,0,8,-20,-28,-18,-17,-337,-337,-329,-325,-329,-322,-260,-241,-235,-11,-733,-743,-931,-919,-983,-994,-29994,-29995]} 1. e4 g6 2. d4 Bg7 3. Nc3 d6 4. Be3 c6 5. Qd2 b5 6. f3 Nd7 7. h4 Ngf6 8. g4 Nb6 {B07: Pirc Defence: Miscellaneous Systems.} (8... h5 $14) 9. h5 $16 b4 $5 {[%mdl 4] An interesting side line.} 10. Nd1 a5 {[#] White is better.} 11. h6 $146 ({Predecessor:} 11. Bh6 Bxh6 12. Qxh6 Be6 13. Ne3 Qc7 14. hxg6 fxg6 15. g5 Nfd7 16. Nh3 d5 17. Qh4 dxe4 18. fxe4 {1-0 (49) Brotherton,T-Maltala,A England 1995}) 11... Bf8 12. a3 bxa3 13. Rxa3 a4 14. c4 Ba6 15. Qb4 Nfd7 16. c5 dxc5 17. dxc5 Bxf1 18. Kxf1 Nxc5 $2 (18... e5 $1 $14) 19. Qxc5 $18 Qxd1+ 20. Kf2 $2 (20. Kg2 $18 Nd7 21. Qxc6) 20... Nd7 $11 21. Qxc6 Rb8 $132 {[%mdl 2048] Black is not keeping still} 22. Kg3 e6 {Strongly threatening ...Bd6+.} 23. Rxa4 {Hoping for Rd4.} Bd6+ 24. Kg2 $2 {[%mdl 8192]} (24. e5 $1 $11 {and White stays safe.} Bxe5+ 25. f4) 24... Rxb2+ $19 25. Bf2 {[#]} Rxf2+ $1 26. Kxf2 {[#]} Bc5+ $1 27. Kg2 {aiming for Ra2.} Qd2+ 28. Kh3 O-O $2 (28... Qxh6+ $19 29. Kg2 Qd2+ 30. Kh3 Ke7) 29. Rh2 $2 {[%mdl 8192]} (29. Qb5 $11) 29... Qxh6+ 30. Kg3 Qc1 31. Qxd7 Qxg1+ 32. Rg2 Bf2+ {Accuracy: White = 39%, Black = 71%.} 0-1

[Event "HUN-ch Rapid 2020"]
[Site "Ajka"]
[Date "2020.07.18"]
[Round "7.12"]
[White "Balint, Vilmos"]
[Black "Seres, Lajos"]
[Result "1/2-1/2"]
[WhiteElo "2143"]
[BlackElo "2418"]
[Annotator "TA"]
[PlyCount "82"]
[EventDate "2020.07.17"]
[EventType "swiss"]
[EventCountry "HUN"]
[SourceTitle "playchess.com"]
[Source "ChessBase"]
[SourceQuality "1"]

{[%evp 15,82,-46,-45,-43,-33,-47,-39,-70,-91,-81,-60,-60,-45,-59,-60,-62,-20,-70,-47,-47,-27,-31,-28,-77,-60,-62,-69,-64,-71,-55,-61,-58,-37,-37,-37,-37,-39,-67,-64,-70,-70,-71,-71,-114,-111,-111,-66,-108,-97,-125,-75,-93,-76,-130,-121,-95,-83,-154,0,0,0,0,0,0,0,0,0,0,0]} 1. Nf3 c5 2. c4 Nc6 3. g3 Nf6 4. Bg2 d5 5. cxd5 Nxd5 6. d3 e5 7. O-O Be7 8. Nc3 Be6 9. Nd2 {A30: Symmetrical English: Double Fianchetto and Hedgehog.} O-O 10. Nxd5 Bxd5 {[#]} 11. Nc4 $146 {Black is slightly better.} ({Predecessor:} 11. Ne4 Kh8 12. b3 f5 13. Nc3 Bxg2 14. Kxg2 Nd4 15. Bb2 f4 16. Ne4 Nxe2 17. f3 {0-1 (46) Kagramanianz,V (2250)-Kyrychenko,M (2207) Lvov 2019}) 11... Bxg2 12. Kxg2 Qd7 13. Be3 Rad8 14. f3 h5 15. Rc1 h4 16. Qa4 h3+ 17. Kh1 b6 18. a3 Qb7 19. Kg1 Nd4 {Threatens to win with ...b5.} 20. Qd1 Nf5 21. Bf2 Bg5 22. Rc3 Rfe8 23. e4 Nd4 24. Be3 Bxe3+ 25. Nxe3 Qd7 26. Nd5 Nb5 $36 {[%mdl 2048] Black has the initiative.} 27. Rc2 Nc7 28. Nxc7 Qxc7 29. b4 Qd6 30. bxc5 bxc5 31. Rff2 Qd4 32. Qf1 Qxd3 33. Qxh3 Qxa3 34. Qf5 (34. Qf1 $142) 34... Qe3 35. Kg2 Rd1 36. Rb2 ({Better is} 36. Rce2 Qd4 37. f4) 36... Red8 $2 {[#]} ({Much less strong is} 36... Qe1 {[#]} 37. Rb7 $1 $15 {[%mdl 512]}) (36... c4 $17 {Hoping for ...g6.} 37. Rb7 Rf8 38. Qxe5 Qe1) 37. Rb7 $1 $11 {[%mdl 512] The position is equal.} Qxf2+ 38. Kxf2 R8d2+ 39. Ke3 Rd3+ 40. Ke2 R3d2+ 41. Ke3 Rd3+ {Accuracy: White = 66%, Black = 84%.} 1/2-1/2

[Event "HUN-ch Rapid 2020"]
[Site "Ajka"]
[Date "2020.07.18"]
[Round "7.13"]
[White "Karacsonyi, Gellert"]
[Black "Ruck, Robert"]
[Result "0-1"]
[WhiteElo "2292"]
[BlackElo "2540"]
[Annotator "TA"]
[PlyCount "72"]
[EventDate "2020.07.17"]
[EventType "swiss"]
[EventCountry "HUN"]
[SourceTitle "playchess.com"]
[Source "ChessBase"]
[SourceQuality "1"]

{[%evp 10,72,10,10,13,19,32,30,30,41,46,31,25,0,22,14,32,14,17,18,27,15,18,14,16,8,20,0,7,0,0,0,0,-9,-9,-8,-10,-18,-11,-16,-12,-18,0,-16,0,0,0,-21,-12,-17,-5,-37,-12,-47,-40,-180,-143,-795,-767,-994,-947,-958,-653,-622,-483]} 1. e4 c6 2. Nc3 d5 3. Nf3 Bg4 4. h3 Bxf3 5. Qxf3 e6 6. Be2 Nf6 {B11: Caro-Kann: Two Knights Variation.} 7. O-O dxe4 8. Nxe4 Nxe4 {White has an edge.} 9. Qxe4 Nd7 {[%cal Bb8d7,Bd7f6,Bf6d5][%mdl 32]} 10. d4 Nf6 11. Qh4 Be7 12. c3 O-O 13. Bg5 Nd5 {[#]} 14. Bxe7 $146 ({Predecessor:} 14. Bd3 g6 15. Bxe7 Qxe7 16. Qxe7 Nxe7 17. Rfe1 Rfd8 18. Rad1 {0-1 (47) Schnoor,E (2018)-Hess,C (2220) Dresden 2012}) 14... Nxe7 15. Rfd1 Qd6 16. Bd3 {[%csl Gd3][%cal Rh4h7] [#]} g6 17. g3 Rad8 18. Kg2 Rd7 19. Bc2 Rfd8 20. Qe4 Nd5 21. h4 Nf6 22. Qf3 Kg7 23. Qe2 Qd5+ 24. Qf3 $1 Qb5 25. Rab1 Rd6 26. Bd3 Qa4 27. a3 Qb3 28. Rd2 h5 29. Bc2 Qb5 30. Rdd1 (30. Bd3 $5 {[%cal Rd3b5]} Qd5 31. Qxd5 Rxd5 32. Re2 $11) 30... Ng4 31. Bd3 (31. a4 $5 {[%cal Ra4b5]} Qa6 32. Qd3 $11) 31... Qb6 {aiming for ...e5.} 32. Bc2 (32. Qe2 $15) 32... e5 $19 {[#] ...Rf6 is the strong threat.} 33. b4 $2 {[%mdl 8192] This move loses the game for White.} (33. Qe2 $17 exd4 34. Rxd4) 33... Rf6 {Black is clearly winning.} 34. Qd3 Rxf2+ 35. Kg1 exd4 36. cxd4 Rf6 {Accuracy: White = 69%, Black = 89%.} 0-1

[Event "HUN-ch Rapid 2020"]
[Site "Ajka"]
[Date "2020.07.18"]
[Round "7.14"]
[White "Krstulovic, Alex"]
[Black "Fancsy, Imre"]
[Result "1/2-1/2"]
[WhiteElo "2338"]
[BlackElo "2352"]
[Annotator "TA"]
[PlyCount "71"]
[EventDate "2020.07.17"]
[EventType "swiss"]
[EventCountry "HUN"]
[SourceTitle "playchess.com"]
[Source "ChessBase"]
[SourceQuality "1"]

{[%evp 9,71,0,0,0,0,0,0,0,0,10,2,-5,0,0,0,0,0,0,0,0,375,338,330,328,350,50,83,16,14,14,44,12,12,16,106,11,14,-634,0,-13,0,0,14,-92,-93,-87,-77,-67,-34,-52,-47,-79,-87,-29984,-29985,-29985,-29986,-29986,-29987,-29992,-29993,-29993,0,-1098]} 1. d4 d5 2. Nf3 Nf6 3. Bf4 c5 4. e3 Nc6 5. Nbd2 Qb6 {[%cal Rc5d4]} 6. dxc5 {D02: 1 d4 d5 2 Nf3 sidelines, including 2...Nf6 3 g3 and 2...Nf6 3 Bf4.} Qxb2 7. Rb1 Qc3 8. Bd3 e6 9. O-O Be7 {[#]} 10. e4 $146 ({Predecessor:} 10. Nd4 Nxd4 11. exd4 Qxd4 12. Be3 Qe5 13. Bb5+ Kf8 14. Nf3 Qc7 15. Qd4 Bd7 16. Ne5 Bxb5 17. Rxb5 {0-1 (67) Vidit,S (2715)-Ding,L (2777) Riadh 2017}) 10... dxe4 11. Nxe4 Nxe4 12. Bxe4 Qxc5 13. Qe2 O-O 14. Rb5 Nd4 $2 {[%mdl 8192]} (14... Qa3 $11 {and Black stays safe.}) 15. Nxd4 $1 $18 Qxd4 16. Be5 $1 {[%cal Re5d4]} ({Stronger than} 16. Bxb7 Qxf4 17. Bxa8 Ba6 $15) 16... Qa4 {[#]} 17. Rb3 $2 ({Not} 17. Bxb7 Bd7 $14) ({White must play} 17. Bxg7 $1 $18 {[%mdl 512]} Qxb5 (17... Kxg7 18. Qg4+) 18. Qxb5 Kxg7 19. Rb1) 17... f5 18. Bxb7 (18. Bf3 $1 $16) 18... Bxb7 $11 19. Rxb7 Bf6 20. Bxf6 Rxf6 21. Rd1 {Hoping for Rdd7.} Rg6 (21... Qxa2 $11 22. g3 Raf8) 22. Qd3 (22. g3 $16) 22... h6 23. h3 $2 {[%mdl 8192] [#]} (23. g3 $11) 23... Qxa2 $2 ({Better is} 23... Qc6 $1 $19 {[%csl Gg6][%cal Rc6g2][%mdl 512]} 24. Rxg7+ Rxg7) 24. c4 (24. Qc3 $5 {[%cal Rd1d7]} Kh8 25. g3 $11) 24... a5 25. c5 Qa4 {...Qc6! is the strong threat.} 26. Qd6 {[#]} (26. Rb5 $11 {keeps the balance.}) 26... Qe4 $1 $40 {[%csl Gg6][%cal Re4g2][%mdl 128] Black is out for blood.} 27. Rb8+ {[#]} Kh7 $1 {[%csl Gg6][%cal Re4g2]} 28. g3 Rxb8 29. Qxb8 $15 {[%mdl 4096] Endgame Black must now prevent Rd8. KQR-KQR} f4 {And now ...fxg3 would win.} 30. g4 h5 31. Rd8 $2 {[%mdl 8192]} (31. Qb1 $17 Qe5 32. Re1) 31... Qe1+ 32. Kg2 {[#]} f3+ $1 {[%mdl 512]} 33. Kg3 {[#]} (33. Kxf3 Rf6+) 33... h4+ $1 {[%mdl 512]} 34. Kf4 (34. Kxh4 Qxf2+) 34... Rf6+ 35. Kg5 Rg6+ (35... Qc1+ $142 36. Rd2 Qxd2+ {[%mdl 64] Double Attack} 37. Kxh4 Qxf2+ {[%mdl 64] Double Attack} 38. Kh5 Rh6+ 39. Kg5 Qd2+ 40. Qf4 Qd8+ 41. Qf6 Qxf6#) 36. Kf4 {[%mdl 32768] Both players deserved the win here. Accuracy: White = 54%, Black = 75%. . An unexpected result.} 1/2-1/2